000 00834nam a22002415i 4500
001 177742
003 ES-MaACL
005 20230906220412.0
008 110418s1958 sp |||| | spa d
080 _a821.134.2-31"19"(082.2)
100 1 _aMartín del Rey, B.
_977469
245 1 0 _aAlkadar /
_cBernardo Martín del Rey. Sobre la tierra yerta / José Mª Aznar Quero. En Vidauba han entrado lagartos / Francisco Sancho Ruano.
260 _aMadrid :
_bAguilar,
_c1958.
300 _a521 p. ;
_c20 cm.
490 1 _aNova navis ;
_v8
700 0 _aAznar Quero, José María.
_9146221
700 1 _aSancho Ruano, Francisco.
_9146222
740 0 2 _aSobre la tierra yerta.
740 0 2 _aEn Vidauba han entrado lagartos.
830 0 _aNova navis ;
_v8
_9190579
852 _aES-MaACL
_jE-14941
_xOlim P-259
999 _c177742
_d177742